Welcome to University of Cape Coast Library, Online Public Access Catalogue (OPAC)

Moon and stars / (Record no. 54513)

MARC details
000 -LEADER
fixed length control field 02889cam a2200721 i 4500
001 - CONTROL NUMBER
control field on1280375110
003 - CONTROL NUMBER IDENTIFIER
control field OCoLC
005 - DATE AND TIME OF LATEST TRANSACTION
control field 20260618130931.0
008 - FIXED-LENGTH DATA ELEMENTS--GENERAL INFORMATION
fixed length control field 220407s2021 nyua a 000 1 eng
010 ## - LIBRARY OF CONGRESS CONTROL NUMBER
LC control number 2022288066
020 ## - INTERNATIONAL STANDARD BOOK NUMBER
International Standard Book Number 9780744039498
020 ## - INTERNATIONAL STANDARD BOOK NUMBER
International Standard Book Number 0744039495
020 ## - INTERNATIONAL STANDARD BOOK NUMBER
International Standard Book Number 9780241491638
Qualifying information board book
020 ## - INTERNATIONAL STANDARD BOOK NUMBER
International Standard Book Number 0241491630
029 0# - OTHER SYSTEM CONTROL NUMBER (OCLC)
OCLC library identifier AU@
System control number 000070075802
029 1# - OTHER SYSTEM CONTROL NUMBER (OCLC)
OCLC library identifier AU@
System control number 000072025078
035 ## - SYSTEM CONTROL NUMBER
System control number (OCoLC)1280375110
Canceled/invalid control number (OCoLC)1292552189
-- (OCoLC)1305085858
-- (OCoLC)1507451022
037 ## - SOURCE OF ACQUISITION
Source of stock number/acquisition Dk Pub, C/O Penguin Random House 405 Murray Hill Pkwy, East Rutherford, NJ, USA, 07073-2136, (646)6744059
Note SAN 201-3975
040 ## - CATALOGING SOURCE
Original cataloging agency DLC
Language of cataloging eng
Description conventions rda
Transcribing agency DLC
Modifying agency NZAUC
-- SINLB
-- HRF
-- SDG
-- OCLCF
-- FBP
-- YEQ
-- JRZ
-- AU@
-- ZQP
-- OCLCO
-- OCLCL
-- IG#
-- ETC
-- DSC
-- OCLCO
042 ## - AUTHENTICATION CODE
Authentication code pcc
050 00 - LIBRARY OF CONGRESS CALL NUMBER
Classification number PZ7.1.S8817
Item number Mo 2021
082 00 - DEWEY DECIMAL CLASSIFICATION NUMBER
Classification number [E]
Edition number 23
100 1# - MAIN ENTRY--PERSONAL NAME
Personal name S�ussbauer, Anna,
Dates associated with a name 1979-
Relator term illustrator.
9 (RLIN) 57345
245 10 - TITLE STATEMENT
Title Moon and stars /
Statement of responsibility, etc. illustrated by Anna S�ussbauer.
250 ## - EDITION STATEMENT
Edition statement First American edition.
264 #1 - PRODUCTION, PUBLICATION, DISTRIBUTION, MANUFACTURE, AND COPYRIGHT NOTICE
Place of production, publication, distribution, manufacture New York, NY :
Name of producer, publisher, distributor, manufacturer DK Publishing,
Date of production, publication, distribution, manufacture, or copyright notice 2021.
300 ## - PHYSICAL DESCRIPTION
Extent 1 volume (unpaged) :
Other physical details color illustrations ;
Dimensions 21 cm.
336 ## - CONTENT TYPE
Content type term text
Content type code txt
Source rdacontent
336 ## - CONTENT TYPE
Content type term still image
Content type code sti
Source rdacontent
337 ## - MEDIA TYPE
Media type term unmediated
Media type code n
Source rdamedia
338 ## - CARRIER TYPE
Carrier type term volume
Carrier type code nc
Source rdacarrier
490 1# - SERIES STATEMENT
Series statement DK spin and spot
500 ## - GENERAL NOTE
General note Cover title.
520 ## - SUMMARY, ETC.
Summary, etc. Turn the pages and spin the wheel to discover what happens when the sun goes down. Die cut circles reveal different images on the picture wheel.
650 #0 - SUBJECT ADDED ENTRY--TOPICAL TERM
Topical term or geographic name entry element Board books.
650 #0 - SUBJECT ADDED ENTRY--TOPICAL TERM
Topical term or geographic name entry element Toy and movable books
Form subdivision Specimens.
9 (RLIN) 57346
650 #0 - SUBJECT ADDED ENTRY--TOPICAL TERM
Topical term or geographic name entry element Night
Form subdivision Juvenile fiction.
9 (RLIN) 57347
650 #0 - SUBJECT ADDED ENTRY--TOPICAL TERM
Topical term or geographic name entry element Nocturnal animals
Form subdivision Juvenile fiction.
9 (RLIN) 57348
650 #1 - SUBJECT ADDED ENTRY--TOPICAL TERM
Topical term or geographic name entry element Night
Form subdivision Fiction.
9 (RLIN) 57349
650 #1 - SUBJECT ADDED ENTRY--TOPICAL TERM
Topical term or geographic name entry element Board books.
650 #1 - SUBJECT ADDED ENTRY--TOPICAL TERM
Topical term or geographic name entry element Toy and movable books.
9 (RLIN) 57350
650 #6 - SUBJECT ADDED ENTRY--TOPICAL TERM
Topical term or geographic name entry element Nuit
Form subdivision Romans, nouvelles, etc. pour la jeunesse.
9 (RLIN) 57351
650 #6 - SUBJECT ADDED ENTRY--TOPICAL TERM
Topical term or geographic name entry element Animaux nocturnes
Form subdivision Romans, nouvelles, etc. pour la jeunesse.
9 (RLIN) 57352
650 #6 - SUBJECT ADDED ENTRY--TOPICAL TERM
Topical term or geographic name entry element Livres tout carton.
9 (RLIN) 54685
650 #7 - SUBJECT ADDED ENTRY--TOPICAL TERM
Topical term or geographic name entry element board books.
Source of heading or term aat
650 #7 - SUBJECT ADDED ENTRY--TOPICAL TERM
Topical term or geographic name entry element Board books
Source of heading or term fast
650 #7 - SUBJECT ADDED ENTRY--TOPICAL TERM
Topical term or geographic name entry element Night
Source of heading or term fast
9 (RLIN) 57353
650 #7 - SUBJECT ADDED ENTRY--TOPICAL TERM
Topical term or geographic name entry element Nocturnal animals
Source of heading or term fast
9 (RLIN) 57354
655 #0 - INDEX TERM--GENRE/FORM
Genre/form data or focus term Board books.
9 (RLIN) 54694
655 #7 - INDEX TERM--GENRE/FORM
Genre/form data or focus term board books.
Source of term aat
9 (RLIN) 54694
655 #7 - INDEX TERM--GENRE/FORM
Genre/form data or focus term Board books
Source of term fast
9 (RLIN) 54694
655 #7 - INDEX TERM--GENRE/FORM
Genre/form data or focus term Fiction
Source of term fast
9 (RLIN) 431
655 #7 - INDEX TERM--GENRE/FORM
Genre/form data or focus term Juvenile works
Source of term fast
9 (RLIN) 739
655 #7 - INDEX TERM--GENRE/FORM
Genre/form data or focus term Toy and movable books
Source of term fast
9 (RLIN) 57355
655 #7 - INDEX TERM--GENRE/FORM
Genre/form data or focus term Board books.
Source of term lcgft
9 (RLIN) 54694
655 #7 - INDEX TERM--GENRE/FORM
Genre/form data or focus term Toy and movable books.
Source of term lcgft
9 (RLIN) 57355
655 #7 - INDEX TERM--GENRE/FORM
Genre/form data or focus term Board books.
Source of term lcsh
9 (RLIN) 54694
655 #7 - INDEX TERM--GENRE/FORM
Genre/form data or focus term Livres tout carton.
Source of term rvmgf
9 (RLIN) 57356
758 ## - RESOURCE IDENTIFIER
Relationship information has work:
Label Moon and stars (Text)
Real World Object URI https://id.oclc.org/worldcat/entity/E39PCGc4MGGRtJDKXB4vfRjbq3
Relationship https://id.oclc.org/worldcat/ontology/hasWork
830 #0 - SERIES ADDED ENTRY--UNIFORM TITLE
Uniform title DK spin and spot.
9 (RLIN) 57357
942 ## - ADDED ENTRY ELEMENTS (KOHA)
Source of classification or shelving scheme Library of Congress Classification
Koha item type Books
948 ## - LOCAL PROCESSING INFORMATION (OCLC); SERIES PART DESIGNATOR (RLIN)
h (OCLC) NO HOLDINGS IN GHUCC - 48 OTHER HOLDINGS

No items available.

Koha©2022 UCC.All Right Reserved.Site Developed by Sam Jonah Library IT Team
<Home | Contact | Library publications |Research Tools | Research Guides |https://ucclivechat.library-gh.net/index.php/chat

If you have questions or concern please contact the Library.



PMB, University of Cape Coast

KOHA HOME